| 000 | 00592nai a2200181Ia 4500 | ||
|---|---|---|---|
| 003 | IN-BaIIA | ||
| 008 | 211028c9999 xx s 000 0 eng d | ||
| 022 | _a0031-8655 (Print) | ||
| 022 | _a1751-1097 (Online) | ||
| 040 | _cIIA Library | ||
| 245 | 0 |
_aPhotochemistry and Photobiology _h[eJournal] |
|
| 260 |
_aNew Jersey _bJohn Wiley & Sons |
||
| 310 | _aBimonthly | ||
| 362 | _a65(1); 1997 - Present | ||
| 521 | _bSubscribed through National Knowledge Resource Consortium (NKRC) | ||
| 856 |
_uhttps://onlinelibrary.wiley.com/journal/17511097 _yClick Here to Access eJournal |
||
| 942 | _cEJ | ||
| 999 |
_c35506 _d35506 |
||